Problemas de Estadística aplicada a la Psicología / (Record no. 122643)

MARC details
000 -LEADER
campo de control de longitud fija 00649nam a2200193 4500
001 - NÚMERO DE CONTROL
campo de control 122643
003 - IDENTIFICADOR DE NÚMERO DE CONTROL
campo de control ES-MaACL
005 - FECHA Y HORA DE LA ÚLTIMA TRANSACCIÓN
campo de control 20250727085932.0
007 - CAMPO FIJO DE DESCRIPCIÓN FÍSICA--INFORMACIÓN GENERAL
campo de control de longitud fija t|
008 - DATOS DE LONGITUD FIJA--INFORMACIÓN GENERAL
campo de control de longitud fija 070214s1982 sp r ||||1| spa d
245 00 - MENCIÓN DEL TÍTULO
Título Problemas de Estadística aplicada a la Psicología /
Mención de responsabilidad, etc. J. M. Domènech... [et al.].
260 ## - PUBLICACIÓN, DISTRIBUCIÓN, ETC.
Lugar de publicación, distribución, etc. Barcelona :
Nombre del editor, distribuidor, etc. Herder,
Fecha de publicación, distribución, etc. 1982.
300 ## - DESCRIPCIÓN FÍSICA
Extensión 340 p. ;
Dimensiones 25 cm.
490 1# - MENCIÓN DE SERIE
Mención de serie Monografías de Bioestadística y Psicología Matemática
700 1# - ENTRADA AGREGADA--NOMBRE PERSONAL
Nombre de persona Domènech, J. M.
9 (RLIN) 45075
830 00 - PUNTO DE ACCESO ADICIONAL DE SERIE-TÍTULO UNIFORME
Título uniforme Monografías de bioestadística y psicología matemática
9 (RLIN) 218864
852 ## - LOCALIZACIÓN
Ubicación ES-MaACL
Número de control de estantería L-4067
Sublocalización o colección R.104525
Holdings
Estatus retirado Estado de pérdida Estado de daño No para préstamo Biblioteca de origen Biblioteca actual Ubicación en estantería Fecha de adquisición Fuente de adquisición Total de préstamos Signatura topográfica completa Código de barras Visto por última vez Precio de reemplazo Tipo de ítem Koha
        Biblioteca del Ateneo de Madrid Biblioteca del Ateneo de Madrid Depósito 2 17/01/2008     L-4067 1127796 23/02/2023 23/02/2023 Libro impreso